Conflicts over land & water in Africa (Record no. 79740)

MARC details
000 -LEADER
fixed length control field 01042nam a2200241 a 4500
008 - FIXED-LENGTH DATA ELEMENTS--GENERAL INFORMATION
fixed length control field 100119s2007 ||||||||||||||||| || u
020 ## - INTERNATIONAL STANDARD BOOK NUMBER
International Standard Book Number 9780870138164
050 ## - LIBRARY OF CONGRESS CALL NUMBER
Classification number HC 800 Con
100 ## - MAIN ENTRY--PERSONAL NAME
Personal name Derman, Bill
245 10 - TITLE STATEMENT
Title Conflicts over land & water in Africa
Statement of responsibility, etc. edited by Bill Derman, Rie Odgaard & Espen Sjaastad
260 ## - PUBLICATION, DISTRIBUTION, ETC.
Place of publication, distribution, etc. Oxford:
Name of publisher, distributor, etc. James Curray
Date of publication, distribution, etc. 2007
300 ## - PHYSICAL DESCRIPTION
Extent xi, 244p.: ill.
350 ## -
-- 0.00
650 ## - SUBJECT ADDED ENTRY--TOPICAL TERM
Topical term or geographic name entry element CONFLICT MANAGEMENT--AFRICA
650 ## - SUBJECT ADDED ENTRY--TOPICAL TERM
Topical term or geographic name entry element NATURAL RESOURCES--LAND--AFRICA
650 ## - SUBJECT ADDED ENTRY--TOPICAL TERM
Topical term or geographic name entry element RESOURCES
650 ## - SUBJECT ADDED ENTRY--TOPICAL TERM
Topical term or geographic name entry element NATURAL RESOURCES--POLITICAL ASPECTS--AFRICA
650 ## - SUBJECT ADDED ENTRY--TOPICAL TERM
Topical term or geographic name entry element NATURAL RESOURCES--WATER--AFRICA
700 ## - ADDED ENTRY--PERSONAL NAME
Personal name Sjaastad, Espen
700 ## - ADDED ENTRY--PERSONAL NAME
Personal name Odgaard, Rie
995 ## -
-- MAIN LIBRARY OPEN ACCESS
-- 0.00
-- 741106
-- CBU-MAIN LIBRARY (Kitwe)
-- 1
-- 0.00
-- HC 800 CON
-- 1
-- AVAILABLE
-- Mar 11, 2013
-- Apr 27, 2010
-- 741106
-- Main Library Open Access Collection
995 ## -
-- MAIN LIBRARY OPEN ACCESS
-- 742813
-- CBU-MAIN LIBRARY (Kitwe)
-- 0.00
-- HC 800 Con
-- 2
-- AVAILABLE
-- Jun 15, 2012
-- 742813
-- Main Library Open Access Collection
999 ## -
-- 79740
-- 79740
Holdings
Withdrawn status Lost status Source of classification or shelving scheme Damaged status Not for loan Permanent Location Current Location Shelving location Date acquired Total Checkouts Full call number Barcode Date last seen Copy number Price effective from Koha item type
          CBU-MAIN LIBRARY, KITWE. CBU-MAIN LIBRARY, KITWE.   06/29/2023   HC 800 Con 741106 06/29/2023 1 06/29/2023 MONOGRAPH
          CBU-MAIN LIBRARY, KITWE. CBU-MAIN LIBRARY, KITWE.   06/29/2023   HC 800 Con 742813 06/29/2023 2 06/29/2023 MONOGRAPH